[Event "St Petersburg Korchnoi Memorial op"]
[Site "St Petersburg"]
[Date "2024.08.20"]
[Round "7"]
[White "Mestnikov, David"]
[Black "Jafarova, Shahane"]
[Result "0-1"]
[WhiteElo "1695"]
[BlackElo "1554"]
[PlyCount "100"]
[EventDate "2024.08.17"]
[EventType "swiss"]
[EventRounds "9"]
[EventCountry "RUS"]
[SourceTitle "EXT 2025"]
[Source "ChessBase"]
[SourceDate "2024.10.14"]
[SourceVersion "1"]
[SourceVersionDate "2024.10.14"]
[SourceQuality "1"]

1. e4 e6 2. d4 d5 3. Nc3 Bb4 4. e5 c5 5. Bd2 Nc6 6. a3 cxd4 7. axb4 dxc3 8. Bxc3 d4 9. b5 dxc3 10. bxc6 cxb2 11. Qxd8+ Kxd8 12. Rd1+ Kc7 13. cxb7 Bxb7 14. Rb1 Ne7 15. Ne2 a5 16. Rxb2 a4 17. Nd4 Bc6 18. Bd3 a3 19. Ra2 Ng6 20. Nxc6 Kxc6 21. Be4+ Kc5 22. Bxa8 Rxa8 23. Ke2 Nxe5 24. Rb1 Ra4 25. Rb3 Nc4 26. Rb7 Nd6 27. Rb3 Nc4 28. Rg3 g6 29. Rf3 Ra7 30. Rd3 Rb7 31. Rc3 Kd4 32. Rb3 Ra7 33. c3+ Kc5 34. Rb4 e5 35. Kd3 Rd7+ 36. Kc2 Ra7 37. Kb3 Na5+ 38. Kxa3 Nc6+ 39. Ra4 Rxa4+ 40. Kxa4 Kc4 41. Ra1 f5 42. Ka3 e4 43. Kb2 Kd3 44. Kb3 Ne5 45. Ra2 f4 46. g3 f3 47. Ra5 e3 48. Rd5+ Ke2 49. Rxe5 Kxf2 50. Kc2 Ke2 0-1

[Event "St Petersburg Korchnoi Memorial op"]
[Site "St Petersburg"]
[Date "2024.08.18"]
[Round "3"]
[White "Jafarova, Shahane"]
[Black "Bahdanovich, Mikhail"]
[Result "0-1"]
[WhiteElo "1554"]
[BlackElo "1786"]
[PlyCount "53"]
[EventDate "2024.08.17"]
[EventType "swiss"]
[EventRounds "9"]
[EventCountry "RUS"]
[SourceTitle "CBM 221 Extra"]
[Source "ChessBase"]
[SourceDate "2024.09.30"]
[SourceVersion "1"]
[SourceVersionDate "2024.09.30"]
[SourceQuality "1"]

1. d4 Nf6 2. Nf3 g6 3. Nc3 d5 4. Bf4 c6 5. e3 Bg7 6. Be2 0-0 7. Ne5 Nbd7 8. h4 h5 9. Qd2 Nxe5 10. Bxe5 Ne4 11. Nxe4 Bxe5 12. Ng5 Bf6 13. 0-0-0 e5 14. f4 exd4 15. exd4 Bf5 16. g4 hxg4 17. h5 Bxg5 18. fxg5 Kg7 19. hxg6 fxg6 20. Rh6 Qd6 21. Rg1 g3 22. Qe3 Rae8 23. Qf3 Qe7 24. Rgh1 Qxg5+ 25. Kd1 Bxc2+ 26. Kxc2 Rxf3 27. Rh7+ 0-1